| 000 | 00397pab a2200157 454500 | ||
|---|---|---|---|
| 008 | 180718b2003 xxu||||| |||| 00| 0 eng d | ||
| 100 | _aBonoli, Giuliano | ||
| 245 | _aTwo worlds of pension reform in Western Europe | ||
| 260 | _c2003 | ||
| 300 | _ap.399-416. | ||
| 362 | _aJul | ||
| 650 | _aPensions - Western Europe | ||
| 650 | _aPensions | ||
| 773 | _aComparative Politics | ||
| 909 | _a57802 | ||
| 999 |
_c57802 _d57802 |
||